| 000 | 00890nam a22002655a 4500 | ||
|---|---|---|---|
| 005 | 20201128021526.0 | ||
| 008 | 150819s2014 ii a frb 001 0 eng d | ||
| 020 | _a9789350142899 | ||
| 040 |
_a EG-ScBUE _beng _cEG-ScBUE _dEG-ScBUE |
||
| 082 | 0 | 4 |
_a629.04 _bUPA _222 |
| 100 | 1 |
_aUpadhyay, A. K. _92001 |
|
| 245 | 1 | 0 |
_aRailways, bridges and tunnels / _cA. K. Upadhyay. |
| 250 | _a2nd ed. | ||
| 260 |
_aNew Delhi : _bS. K. Kataria & Sons , _c2014. |
||
| 300 |
_a272 p. : _bill. ; _c24 cm. |
||
| 500 | _aIndex : p. 268-272. | ||
| 504 | _aIncludes bibliographical references. | ||
| 521 | _aFor polytechnic student. | ||
| 650 | 7 |
_aRailRoad Engineering. _2BUEsh _94595 |
|
| 650 | 0 |
_aBridges _xDesign and construction. _2BUEsh |
|
| 650 | 0 |
_aTunnels _xDesign and construction. _2BUEsh _918955 |
|
| 651 | _2BUEsh | ||
| 653 |
_bENGCIV _bENGGEN _cAugust2015 _cDecember2015 |
||
| 942 |
_2ddc _k629.04 UPA |
||
| 999 |
_c20652 _d20624 |
||